Name A Valid US Vice President - Statistics

General Stats
  • This quiz has been taken 62 times
  • The average score is 8 of 10
Answer Stats
Hint Answer % Correct
9 Served 2 Terms Daniel D. Thompkins / Thomas R. Marshall...
100%
15 Who Became President John Adams / Thomas Jefferson...
100%
7 Who Are Alive Dan Quayle / Al Gore / Dick Cheney...
95%
6 Was Over 70 When Leaving Office Alben W. Barkley / Joe Biden / Charles Curtis...
93%
4 Born Before the US Became Independent John Adams / Thomas Jefferson / Aaron Burr...
88%
4 Served A President Who Had Non-Consecutive Terms Adlai Stevenson / Thomas A. Hendricks...
78%
4 Who Was Born In Massachusetts John Adams / Elbridge Gerry...
78%
3 Received A Nobel Peace Prize Theodore Roosevelt / Charles Dawes / Al Gore
75%
2 Who Has Resigned John C. Calhoun / Spiro Agnew
61%
7 Who Died In Office George Clinton / Elbridge Gerry...
42%
No matching quizzes found
Score Distribution
Percent of People with Each Score
Percentile by Number Answered
Your Score History
You have not taken this quiz